LEADER 01125nam a2200289 u 4500 001 000000066459 003 CaOOAMICUS 005 20070226121558.0 008 020115s1997 it u000 u ita u 020 $a8814066191 035 $a10916665 040 $aPUL$bita 100 1 $aFranzoni, Massimo.$0(OLS)http://pul/name/34737 245 10$aDell'annulabilità del contratto /$cMassimo Franzoni. 260 $aMilano :$bGiuffrè,$c1997. 300 $ax, 208 p. ;$c25 cm 490 1 $aIl Codice civile.$aCommentario 500 $aContiene indici. 505 0 $aArtt. 1425-1426 650 4$aContratti$xNullità.$0(OLS)http://pul/subject/24202 830 3$aIl Codice civile.$pCommentario.$0(OLS)http://pul/title/53143 850 $aPUL 852 $aPUL$W1$xSL Diritto e Scienze Sociali 3$y79$m300 A 1.1425$j85919$nBK-PRI$b $qDDC 21$B85919$CPULBib$Z2$F85919 $H86365 $82 941 1 $a9 996 $6020$a8814066191$9(OLS)http://pul/number/86220 996 $6245$aDell'annulabilità del contratto$9(OLS)http://pul/title/88235 996 $6260$aMilano :$bGiuffrè$9(OLS)http://pul/publisher/48401 LEADER 01465nam a2200301 u 4500 001 000000076117 003 CaOOAMICUS 005 20070226123156.0 008 031106s2003 it u000 u ita u 035 $a10975128 040 $aPUL$bita 100 1 $aLomonaco, Raffaele.$0(OLS)http://pul/name/50628 245 10$aAspetti sociali ed analisi giuridico economica del non profit in Italia /$cRaffaele Lomonaco. 260 $aRoma :$bPontificia Università Lateranense,$c2003. 300 $a139 p. ;$c24 cm 500 $aIn testa al front.: Pontificia Universitas Lateranensis. 502 $aThesis (doct.) -- Pontificia Universitas Lateranensis, 2003. 504 $aBibliografia: p. [12]-17. 650 4$aEnti non economici$xDiritto e legislazione$zItalia.$0(OLS)http://pul/subject/22690 650 4$aVolontariato$xDiritto e legislazione$zItalia.$0(OLS)http://pul/subject/8183 710 2 $aPontificia Università Lateranense.$0(OLS)http://pul/name/287 850 $aPUL 852 $aPUL$W1$xDP1 Tesi Pon Univ. Lateranense$y41$mTH PUL 1069$j97830$nBK-PRI$b $qTesi$B97830$CPULBib$Z2$F97830 $H93779 $81 910 $aPontificio Ateneo Lateranense$9287 910 $aPontificio Ateneo Lateranense$9287 941 1 $a16 996 $6245$aAspetti sociali ed analisi giuridico economica del non profit in Italia$9(OLS)http://pul/title/99849 996 $6260$aRoma :$bPontificia Università Lateranense$9(OLS)http://pul/publisher/47963